[Event "St Petersburg Korchnoi Memorial op"]
[Site "St Petersburg"]
[Date "2019.08.20"]
[Round "7"]
[White "Kobak, Polina"]
[Black "Samudin, Elina"]
[Result "0-1"]
[WhiteElo "1560"]
[BlackElo "1774"]
[PlyCount "126"]
[EventDate "2019.08.14"]
[EventType "swiss"]
[EventRounds "9"]
[EventCountry "RUS"]
[SourceTitle "CBM 192"]
[Source "ChessBase"]
[SourceDate "2019.10.31"]
[SourceVersion "1"]
[SourceVersionDate "2019.10.31"]
[SourceQuality "1"]

1. d4 d5 2. c4 e6 3. Nf3 Nf6 4. g3 Be7 5. Bg2 Nbd7 6. 0-0 0-0 7. Qc2 c5 8. Nbd2 cxd4 9. Nxd4 Ne5 10. N4f3 Nxf3+ 11. Nxf3 Bd7 12. cxd5 Nxd5 13. Ne5 Rc8 14. Qb3 Bc6 15. Nxc6 bxc6 16. e4 Nf6 17. Rd1 Qc7 18. Be3 Ng4 19. Bd4 c5 20. Bc3 c4 21. Qa4 Bc5 22. Bd4 Bxd4 23. Rxd4 Qb6 24. Rd2 c3 25. bxc3 Rxc3 26. h3 Ne5 27. Qd4 Qxd4 28. Rxd4 Ra3 29. Rb4 Rd8 30. Rb3 Ra4 31. f4 Nc4 32. e5 g6 33. Bc6 Ra5 34. Rb5 Rxb5 35. Bxb5 Ne3 36. Re1 Nc2 37. Rc1 Nd4 38. Ba6 Rd5 39. Rc7 Ra5 40. Rxa7 Rxa2 41. Ra8+ Kg7 42. Bb7 Ne2+ 43. Kf2 Rb2 44. Ke1 Nxg3 45. Bf3 Nf5 46. Ra7 Rb4 47. Bc6 Rxf4 48. Be8 Nh6 49. Bd7 Re4+ 50. Kf2 Rxe5 51. Kf3 Kf6 52. Ra8 Nf5 53. Rh8 Re3+ 54. Kg2 Nh4+ 55. Kf2 Rf3+ 56. Ke2 Kg7 57. Rc8 Rxh3 58. Rc7 Kf8 59. Kf2 Nf5 60. Rc8+ Ke7 61. Bc6 Rc3 62. Rc7+ Kf6 63. Rc8 Ne7 0-1

[Event "St Petersburg Korchnoi Memorial op"]
[Site "St Petersburg"]
[Date "2019.08.14"]
[Round "1"]
[White "Samudin, Elina"]
[Black "Krasikov, Vladislav"]
[Result "0-1"]
[WhiteElo "1774"]
[BlackElo "2211"]
[PlyCount "66"]
[EventDate "2019.08.14"]
[EventType "swiss"]
[EventRounds "9"]
[EventCountry "RUS"]
[SourceTitle "CBM 192"]
[Source "ChessBase"]
[SourceDate "2019.10.31"]
[SourceVersion "1"]
[SourceVersionDate "2019.10.31"]
[SourceQuality "1"]

1. d4 Nf6 2. c4 c5 3. d5 b5 4. cxb5 a6 5. bxa6 g6 6. Nc3 Bg7 7. e4 0-0 8. Nf3 Qa5 9. Bd2 Bxa6 10. Be2 Qb4 11. Bxa6 Nxa6 12. Qe2 Qxb2 13. Rb1 Qa3 14. Rb3 Qa5 15. e5 Ng4 16. 0-0 d6 17. e6 f5 18. Rfb1 Nb4 19. a3 Nc2 20. Nb5 Qa4 21. Nc3 Qa6 22. Qxa6 Rxa6 23. Rb7 Nxa3 24. R1b3 Nc4 25. h3 Nge5 26. Nxe5 Nxd2 27. Nd7 Nxb3 28. Nxf8 Bxc3 29. Nxg6 hxg6 30. Rxb3 Ra1+ 31. Kh2 Be5+ 32. g3 Rd1 33. Rb7 Bf6 0-1

[Event "Moscow op-B (Women) 14th"]
[Site "Moscow"]
[Date "2018.01.30"]
[Round "4"]
[White "Tereshechkina, Taisiya"]
[Black "Samudin, Elina"]
[Result "1/2-1/2"]
[WhiteElo "1686"]
[BlackElo "1825"]
[PlyCount "83"]
[EventDate "2018.01.27"]
[EventType "swiss"]
[EventRounds "9"]
[EventCountry "RUS"]
[SourceTitle "CBM 182 Extra"]
[Source "ChessBase"]
[SourceDate "2018.02.23"]
[SourceVersion "1"]
[SourceVersionDate "2018.02.23"]
[SourceQuality "1"]

1. e4 c6 2. Nc3 d5 3. Qe2 dxe4 4. Nxe4 e6 5. Nf3 Nd7 6. d4 Ngf6 7. Bg5 Qa5+ 8. c3 Be7 9. Bxf6 Nxf6 10. Nxf6+ Bxf6 11. Qe4 c5 12. Bd3 Qb6 13. 0-0 cxd4 14. cxd4 Bd7 15. Rfe1 0-0-0 16. Rec1+ Kb8 17. a4 Bc6 18. Qf4+ Qc7 19. Qe3 Qd6 20. Rc4 Bd5 21. Rc3 Rc8 22. Be4 Bxe4 23. Qxe4 Rxc3 24. bxc3 Rc8 25. Qd3 h6 26. Nd2 Qc6 27. Ne4 Be7 28. Rc1 f5 29. Nd2 Bf6 30. Nb3 Bg5 31. Qg3+ Qc7 32. Qxc7+ Rxc7 33. Rc2 b6 34. c4 Bf6 35. Kf1 Rd7 36. Rd2 Kc7 37. Ke2 Kb7 38. Kd1 g5 39. Kc2 Rc7 40. Kc3 e5 41. a5 e4 42. Kb4 1/2-1/2

[Event "Moscow op-B (Women) 14th"]
[Site "Moscow"]
[Date "2018.01.27"]
[Round "1"]
[White "Samudin, Elina"]
[Black "Doroshenko, Diana"]
[Result "0-1"]
[WhiteElo "1825"]
[BlackElo "2176"]
[PlyCount "50"]
[EventDate "2018.01.27"]
[EventType "swiss"]
[EventRounds "9"]
[EventCountry "RUS"]
[SourceTitle "CBM 182 Extra"]
[Source "ChessBase"]
[SourceDate "2018.02.23"]
[SourceVersion "1"]
[SourceVersionDate "2018.02.23"]
[SourceQuality "1"]

1. d4 Nf6 2. c4 g6 3. Nc3 Bg7 4. e4 d6 5. f3 0-0 6. Bg5 c5 7. d5 e6 8. Qd2 Qa5 9. Nge2 exd5 10. cxd5 Bd7 11. Ng3 Rc8 12. Be2 c4 13. 0-0 Na6 14. Bh6 Bh8 15. f4 Bg4 16. f5 Bxe2 17. Qxe2 Nc5 18. fxg6 hxg6 19. h4 Nd3 20. h5 Qb6+ 21. Kh1 Qxb2 22. hxg6 Qxe2 23. Ncxe2 fxg6 24. Rab1 Rc7 25. Nf4 Rh7 0-1

[Event "Wch U20 Girls 35th"]
[Site "Tarvisio"]
[Date "2017.11.25"]
[Round "11"]
[White "Srdanovic, Jovana"]
[Black "Samudin, Elina"]
[Result "1-0"]
[WhiteElo "2015"]
[BlackElo "1806"]
[PlyCount "65"]
[EventDate "2017.11.13"]
[EventType "swiss"]
[EventRounds "11"]
[EventCountry "ITA"]
[SourceTitle "EXT 2019"]
[Source "ChessBase"]
[SourceDate "2018.10.10"]
[SourceVersion "1"]
[SourceVersionDate "2018.10.10"]
[SourceQuality "1"]

1. d4 d5 2. Bf4 c5 3. e3 Nc6 4. c3 Nf6 5. Nd2 e6 6. Bd3 Bd6 7. Bxd6 Qxd6 8. f4 c4 9. Bc2 b5 10. a3 0-0 11. Ngf3 Ne7 12. Ne5 Nd7 13. e4 f6 14. Nxd7 Qxd7 15. e5 f5 16. 0-0 Kh8 17. Rf3 Ng6 18. Qe2 Rg8 19. Raf1 a5 20. Rh3 Nf8 21. Nf3 Ra7 22. Nh4 Qe8 23. Qd2 g6 24. Nf3 Rag7 25. Ng5 Qe7 26. Rh6 Bd7 27. Rf3 Be8 28. Qe1 a4 29. Rfh3 Bd7 30. Qh4 Bc8 31. Nxh7 Nxh7 32. Rxh7+ Rxh7 33. Qxe7 1-0

[Event "Wch U20 Girls 35th"]
[Site "Tarvisio"]
[Date "2017.11.13"]
[Round "1"]
[White "Pratyusha, Bodda"]
[Black "Samudin, Elina"]
[Result "1-0"]
[WhiteElo "2152"]
[BlackElo "1806"]
[PlyCount "71"]
[EventDate "2017.11.13"]
[EventType "swiss"]
[EventRounds "11"]
[EventCountry "ITA"]
[SourceTitle "CBM 181 Extra"]
[Source "ChessBase"]
[SourceDate "2017.12.12"]
[SourceVersion "1"]
[SourceVersionDate "2017.12.12"]
[SourceQuality "1"]

1. c4 e6 2. Nc3 d5 3. e3 Nf6 4. Nf3 Be7 5. b3 0-0 6. Bb2 dxc4 7. Bxc4 b6 8. Qc2 Bb7 9. h4 Nbd7 10. 0-0-0 Nc5 11. d4 Nce4 12. Ng5 Nxc3 13. Bxc3 Bd5 14. Bd3 g6 15. Kb1 Qc8 16. Rh3 c5 17. h5 Bxg2 18. Rg3 cxd4 19. exd4 Nd5 20. Ne4 Bxe4 21. Bxe4 Bd6 22. Rf3 Rb8 23. Rg1 Nxc3+ 24. Rxc3 Qe8 25. Rh3 f5 26. Bd3 Rf6 27. Qd2 Rb7 28. d5 Rg7 29. dxe6 gxh5 30. Rgh1 Kh8 31. Bc4 Bf8 32. Rxh5 Qg6 33. Kb2 b5 34. Bd5 f4 35. Qd4 a6 36. Be4 1-0

[Event "KGZ-ch (Women)"]
[Site "Bishkek"]
[Date "2016.04.30"]
[Round "5"]
[White "Samaganova, Alexandra"]
[Black "Samudin, Elina"]
[Result "1-0"]
[WhiteElo "2048"]
[BlackElo "1847"]
[PlyCount "63"]
[EventDate "2016.04.26"]
[EventType "tourn"]
[EventRounds "9"]
[EventCountry "KGZ"]
[SourceTitle "CBM 172 Extra"]
[Source "ChessBase"]
[SourceDate "2016.06.21"]
[SourceVersion "1"]
[SourceVersionDate "2016.06.21"]
[SourceQuality "1"]

1. c4 e6 2. Nc3 d5 3. e3 Nf6 4. Nf3 c5 5. d4 a6 6. cxd5 Nxd5 7. Bd3 Nc6 8. 0-0 cxd4 9. exd4 Be7 10. Re1 0-0 11. a3 Re8 12. Bc2 b6 13. Nxd5 exd5 14. Bxh7+ Kxh7 15. Qc2+ g6 16. Qxc6 Be6 17. Qc3 Rh8 18. Bf4 Rc8 19. Qe3 Bf6 20. Ng5+ Kg7 21. Nxe6+ fxe6 22. Qd3 Rc4 23. Rxe6 Rxd4 24. Qg3 Re4 25. Rc6 Rhe8 26. h4 d4 27. h5 g5 28. Bxg5 Bxg5 29. Rg6+ Kh7 30. Rxg5 Qd7 31. Qd3 Kh6 32. Qd2 1-0

[Event "Asia-ch U18 Girls"]
[Site "Ulaanbaatar"]
[Date "2016.04.08"]
[Round "4"]
[White "Batsaikhan, Ganchimeg"]
[Black "Samudin, Elina"]
[Result "1-0"]
[WhiteElo "1745"]
[BlackElo "1847"]
[PlyCount "72"]
[EventDate "2016.04.06"]
[EventType "swiss"]
[EventRounds "9"]
[EventCountry "MGL"]
[SourceTitle "EXT 2017"]
[Source "ChessBase"]
[SourceDate "2016.10.25"]
[SourceVersion "1"]
[SourceVersionDate "2016.10.25"]
[SourceQuality "1"]

1. d4 d5 2. Nf3 Nf6 3. Bf4 e6 4. e3 c5 5. c3 Nc6 6. Bd3 Bd7 7. Nbd2 c4 8. Bc2 b5 9. e4 b4 10. 0-0 Be7 11. Re1 h6 12. Nf1 bxc3 13. bxc3 Qa5 14. e5 Nh7 15. Bd2 0-0 16. Ng3 Rfb8 17. Nh5 Nf8 18. a4 Qd8 19. Qe2 Na5 20. Kh1 Nb3 21. Ra2 Rb6 22. Ng1 Nxd2 23. Qxd2 Rab8 24. Re3 Ng6 25. Rg3 Be8 26. Nh3 Bh4 27. Rg4 Be7 28. g3 Rb2 29. Ra1 Bf8 30. Qd1 Kh8 31. N3f4 Qd7 32. Kg2 a5 33. Nxg6+ fxg6 34. Bxg6 Bxg6 35. Rxg6 Qf7 36. Nf4 R2b6 1-0

[Event "Asia-ch U18 Girls"]
[Site "Ulaanbaatar"]
[Date "2016.04.08"]
[Round "3"]
[White "Samudin, Elina"]
[Black "Jargalmaa, Odgerel"]
[Result "0-1"]
[WhiteElo "1847"]
[BlackElo "1709"]
[PlyCount "109"]
[EventDate "2016.04.06"]
[EventType "swiss"]
[EventRounds "9"]
[EventCountry "MGL"]
[SourceTitle "EXT 2017"]
[Source "ChessBase"]
[SourceDate "2016.10.25"]
[SourceVersion "1"]
[SourceVersionDate "2016.10.25"]
[SourceQuality "1"]

1. d4 Nf6 2. c4 g6 3. Nc3 Bg7 4. e4 d6 5. f3 0-0 6. Bg5 Nbd7 7. Nh3 c5 8. d5 Ne5 9. Nf2 Qa5 10. Qd2 a6 11. a4 Qb4 12. a5 Nxc4 13. Bxc4 Qxc4 14. Ra4 Qb3 15. Ra3 Qc4 16. Nd3 Nxe4 17. Nxe4 Qxd5 18. 0-0 c4 19. Ndf2 Qxd2 20. Nxd2 Bxb2 21. Ra2 c3 22. Nde4 Be6 23. Ra4 f6 24. Bc1 Rac8 25. Rb4 Bc4 26. Re1 Bb5 27. Bxb2 cxb2 28. Rxb2 d5 29. Nd2 e5 30. Nb1 Rc5 31. Nd2 Rfc8 32. h3 Rc2 33. Reb1 f5 34. Nb3 Kf7 35. Rxc2 Rxc2 36. Rc1 Rxc1+ 37. Nxc1 e4 38. fxe4 fxe4 39. Nd1 d4 40. Kf2 Kf6 41. Ne2 Ke5 42. Nc1 e3+ 43. Ke1 Kf4 44. Nb3 d3 45. Nc3 Bc6 46. Nc5 d2+ 47. Ke2 Bxg2 48. Nd3+ Kg3 49. Kxe3 Bxh3 50. Ne4+ Kh4 51. Nxd2 g5 52. Nf3+ Kh5 53. Kf2 Bf5 54. Nc5 Bc8 55. Kg3 0-1

[Event "Asia-ch U18 Girls"]
[Site "Ulaanbaatar"]
[Date "2016.04.06"]
[Round "1"]
[White "Samudin, Elina"]
[Black "Uuriintuya, Uurtsaikh"]
[Result "1-0"]
[WhiteElo "1847"]
[BlackElo "2202"]
[PlyCount "87"]
[EventDate "2016.04.06"]
[EventType "swiss"]
[EventRounds "9"]
[EventCountry "MGL"]
[SourceTitle "EXT 2017"]
[Source "ChessBase"]
[SourceDate "2016.10.25"]
[SourceVersion "1"]
[SourceVersionDate "2016.10.25"]
[SourceQuality "1"]

1. d4 Nf6 2. c4 g6 3. Nc3 Bg7 4. e4 d6 5. f3 0-0 6. Bg5 Nbd7 7. Nh3 c5 8. d5 a6 9. a4 Qa5 10. Qd2 Ne5 11. Nf2 Re8 12. Be2 Qb4 13. a5 Bd7 14. Na4 Qxd2+ 15. Bxd2 Bxa4 16. Rxa4 e6 17. 0-0 Ned7 18. Re1 Nh5 19. g4 Nhf6 20. b4 exd5 21. cxd5 Rac8 22. Bf4 Bf8 23. Kf1 Rc7 24. b5 axb5 25. Bxb5 Rec8 26. Rc1 h5 27. h3 Kg7 28. Nd1 hxg4 29. hxg4 Ne8 30. Ne3 Ne5 31. Bxe5+ dxe5 32. Bxe8 Rxe8 33. Rb1 Kf6 34. Nc4 Kg5 35. Ra3 f5 36. gxf5 gxf5 37. Rab3 fxe4 38. fxe4 Rf7+ 39. Ke2 Rf4 40. Nd2 Rg4 41. Rxb7 Ra8 42. Rb8 Rxa5 43. Rxf8 Rg2+ 44. Kf3 1-0

[Event "Asian Schools-ch U17 Girls 11th"]
[Site "Singapore"]
[Date "2015.06.02"]
[Round "4.2"]
[White "Samudin, Elina"]
[Black "Quek, Shi Ning Kristine"]
[Result "1/2-1/2"]
[WhiteElo "1645"]
[BlackElo "1757"]
[PlyCount "68"]
[EventDate "2015.05.31"]
[EventType "swiss"]
[EventRounds "7"]
[EventCountry "SIN"]
[SourceTitle "EXT 2024"]
[Source "ChessBase"]
[SourceDate "2023.10.10"]
[SourceVersion "1"]
[SourceVersionDate "2023.10.10"]
[SourceQuality "1"]

1. d4 Nf6 2. c4 g6 3. Nc3 Bg7 4. e4 d6 5. f3 0-0 6. Bg5 Na6 7. Qd2 Qe8 8. Bd3 e5 9. d5 Nc5 10. Nge2 Nh5 11. g4 Nf6 12. Ng3 h6 13. Be3 Nh7 14. Bc2 g5 15. h4 Qe7 16. hxg5 Nxg5 17. Qf2 Qf6 18. Ke2 Re8 19. Rh2 Bd7 20. Rah1 Qg6 21. Nf5 Bxf5 22. gxf5 Qf6 23. Rh5 Qe7 24. Bxg5 hxg5 25. Qh2 Qf6 26. Qg3 Kf8 27. Rxg5 Bh6 28. Rgh5 Bf4 29. Qh4 Qxh4 30. R1xh4 Ke7 31. Rg4 Rh8 32. Rhh4 a6 33. Ba4 Rag8 34. Rxh8 Rxh8 1/2-1/2

[Event "Asia-ch U20 Girls"]
[Site "Bishkek"]
[Date "2015.??.??"]
[Round "?"]
[White "Lee, Dariya"]
[Black "Samudin, Elina"]
[Result "0-1"]
[WhiteElo "1352"]
[BlackElo "1623"]
[PlyCount "38"]
[EventDate "2015.10.03"]
[EventType "swiss"]
[EventRounds "9"]
[EventCountry "KGZ"]
[SourceTitle "EXT 2022"]
[Source "ChessBase"]
[SourceDate "2021.10.06"]
[SourceVersion "1"]
[SourceVersionDate "2021.10.06"]
[SourceQuality "1"]

1. e4 c6 2. d4 d5 3. e5 Bf5 4. f4 e6 5. Nf3 c5 6. c3 Nc6 7. Bd3 Nh6 8. h3 cxd4 9. cxd4 Bb4+ 10. Nc3 Qa5 11. Qc2 Be7 12. g4 Nb4 13. Bb5+ Qxb5 14. Nxb5 Nxc2+ 15. Ke2 Nxa1 16. Nc7+ Kd7 17. Nxa8 Be4 18. Bd2 Nc2 19. Rc1 Rxa8 0-1

[Event "Wch U20 Girls 32nd"]
[Site "Pune"]
[Date "2014.10.15"]
[Round "9"]
[White "Samudin, Elina"]
[Black "Gagare, Shalmali"]
[Result "1/2-1/2"]
[WhiteElo "1623"]
[BlackElo "2088"]
[PlyCount "59"]
[EventDate "2014.10.06"]
[EventType "swiss"]
[EventRounds "13"]
[EventCountry "IND"]
[SourceTitle "EXT 2015"]
[Source "ChessBase"]
[SourceDate "2014.11.20"]
[SourceVersion "1"]
[SourceVersionDate "2014.11.20"]
[SourceQuality "1"]

1. e4 c6 2. d4 d5 3. Nd2 dxe4 4. Nxe4 Bf5 5. Ng3 Bg6 6. N1e2 e6 7. Nf4 Bd6 8. Nxg6 hxg6 9. Ne4 Be7 10. c3 Nh6 11. Be2 Nf5 12. Qb3 Qb6 13. Bf4 Nd7 14. g3 Nf6 15. Nxf6+ gxf6 16. 0-0-0 Qxb3 17. axb3 0-0-0 18. b4 Rh7 19. h4 Rdh8 20. Bf3 g5 21. hxg5 fxg5 22. Bd2 Rxh1 23. Rxh1 Rxh1+ 24. Bxh1 Nd6 25. Kc2 Kd7 26. b3 f5 27. Kd3 a6 28. c4 Nf7 29. Bc3 Kd6 30. c5+ 1/2-1/2

[Event "Wch U20 Girls 32nd"]
[Site "Pune"]
[Date "2014.10.12"]
[Round "7"]
[White "Samudin, Elina"]
[Black "Bidhar, Rutumbara"]
[Result "0-1"]
[WhiteElo "1623"]
[BlackElo "1808"]
[PlyCount "100"]
[EventDate "2014.10.06"]
[EventType "swiss"]
[EventRounds "13"]
[EventCountry "IND"]
[SourceTitle "EXT 2015"]
[Source "ChessBase"]
[SourceDate "2014.11.20"]
[SourceVersion "1"]
[SourceVersionDate "2014.11.20"]
[SourceQuality "1"]

1. e4 c5 2. Nc3 Nc6 3. d3 g6 4. g3 Bg7 5. Bg2 e6 6. f4 Nge7 7. Nf3 0-0 8. 0-0 d5 9. e5 f6 10. exf6 Bxf6 11. Kh1 Nf5 12. Re1 Nfd4 13. Ne2 Nxf3 14. Bxf3 Qd6 15. Bg2 Bd7 16. Ng1 e5 17. Nf3 Bg4 18. h3 Bxf3 19. Bxf3 Qd7 20. Bg4 Qf7 21. c3 Rfe8 22. f5 Ne7 23. fxg6 Nxg6 24. Rf1 Rad8 25. Bg5 Rd6 26. Qf3 Kg7 27. h4 Qe7 28. Bxf6+ Rxf6 29. Qxf6+ Qxf6 30. Rxf6 Kxf6 31. Rf1+ Ke7 32. Rf5 Rf8 33. h5 Rxf5 34. Bxf5 Nf8 35. Kg2 h6 36. Kf3 Ne6 37. Bxe6 Kxe6 38. g4 Kf6 39. b3 Kg5 40. c4 e4+ 41. Ke3 d4+ 42. Kxe4 Kxg4 43. a3 Kxh5 44. Kf5 a5 45. Kf4 Kh4 46. Kf3 Kg5 47. Kg3 h5 48. Kf3 h4 49. a4 b6 50. Kg2 Kf4 0-1

[Event "Wch U20 Girls 32nd"]
[Site "Pune"]
[Date "2014.10.10"]
[Round "5"]
[White "Caballero Quijano, Mitzy Mishell"]
[Black "Samudin, Elina"]
[Result "1-0"]
[WhiteElo "1961"]
[BlackElo "1623"]
[PlyCount "81"]
[EventDate "2014.10.06"]
[EventType "swiss"]
[EventRounds "13"]
[EventCountry "IND"]
[SourceTitle "EXT 2015"]
[Source "ChessBase"]
[SourceDate "2014.11.20"]
[SourceVersion "1"]
[SourceVersionDate "2014.11.20"]
[SourceQuality "1"]

1. d4 d5 2. Nf3 Nf6 3. c4 e6 4. g3 Be7 5. Bg2 0-0 6. 0-0 Nbd7 7. Qc2 c6 8. b3 b6 9. Rd1 Bb7 10. Nc3 Rc8 11. e4 dxe4 12. Ng5 h6 13. Ngxe4 Nxe4 14. Nxe4 Nf6 15. Bf4 Nxe4 16. Qxe4 Bd6 17. Be5 Qc7 18. f4 Rfd8 19. Rd3 Rd7 20. Bxd6 Qxd6 21. Qe3 Rcd8 22. Rad1 Qc7 23. Bh3 b5 24. c5 Qa5 25. R3d2 Rd5 26. Bg2 R5d7 27. Be4 Qb4 28. Bb1 Rd5 29. Qe4 g6 30. Qe3 Kg7 31. Be4 R5d7 32. Rd3 Bc8 33. Kf2 Bb7 34. g4 Qa5 35. R3d2 Qc7 36. Bf3 Ba8 37. h4 Kh7 38. h5 gxh5 39. Rh1 hxg4 40. f5 g3+ 41. Kg2 1-0

[Event "Wch U20 Girls 32nd"]
[Site "Pune"]
[Date "2014.10.06"]
[Round "1"]
[White "Samudin, Elina"]
[Black "Sviridova, Vlada"]
[Result "0-1"]
[WhiteElo "1623"]
[BlackElo "2069"]
[PlyCount "58"]
[EventDate "2014.10.06"]
[EventType "swiss"]
[EventRounds "13"]
[EventCountry "IND"]
[SourceTitle "EXT 2015"]
[Source "ChessBase"]
[SourceDate "2014.11.20"]
[SourceVersion "1"]
[SourceVersionDate "2014.11.20"]
[SourceQuality "1"]

1. e4 e6 2. d4 d5 3. Nd2 c5 4. exd5 Qxd5 5. dxc5 Bxc5 6. Ngf3 Nf6 7. Bc4 Qc6 8. Qe2 0-0 9. 0-0 a6 10. a4 Nbd7 11. a5 b5 12. axb6 Bxb6 13. Nb3 Bb7 14. Na5 Bxa5 15. Rxa5 Rfc8 16. b3 Nb6 17. Bd3 Nbd5 18. Bd2 Rd8 19. Rfa1 Nc7 20. Bg5 Rd5 21. Bxf6 gxf6 22. Qe4 f5 23. Qh4 Qc3 24. R5a4 Qg7 25. Rc4 Qxa1+ 26. Bf1 Ne8 27. Ng5 Qg7 28. Qf4 h6 29. Nf3 Rd1 0-1

[Event "KGZ-ch (Women)"]
[Site "Bishkek"]
[Date "2014.05.26"]
[Round "10"]
[White "Samudin, Elina"]
[Black "Lim, Greta"]
[Result "1/2-1/2"]
[WhiteElo "1593"]
[BlackElo "1924"]
[PlyCount "128"]
[EventDate "2014.06.07"]
[EventType "tourn"]
[EventRounds "11"]
[EventCountry "KGZ"]
[SourceTitle "EXT 2018"]
[Source "ChessBase"]
[SourceDate "2017.10.13"]
[SourceVersion "1"]
[SourceVersionDate "2017.10.13"]
[SourceQuality "1"]

1. d4 d5 2. c4 c6 3. Nc3 Nf6 4. e3 e6 5. Qc2 Bb4 6. Bd3 dxc4 7. Bxc4 0-0 8. Nf3 c5 9. 0-0 cxd4 10. Nxd4 e5 11. Nde2 a6 12. a3 Bxc3 13. Nxc3 Qc7 14. Bd3 Nc6 15. b4 Be6 16. Bb2 h6 17. Rac1 Rfc8 18. Qb1 Qe7 19. Ne4 Nxe4 20. Bxe4 f6 21. Qd3 Rd8 22. Qe2 Rd6 23. Qf3 Qe8 24. Bc3 Rc8 25. h3 Qf7 26. Qg3 Rcd8 27. Bg6 Qd7 28. Be4 Bf5 29. Bf3 Qf7 30. Ra1 Rd3 31. Rfc1 Na7 32. Be2 R3d7 33. Be1 Bd3 34. Bg4 Rd6 35. Bf3 e4 36. Bd1 Nc6 37. Ba4 b5 38. Bd1 Ne5 39. Bc3 Nc4 40. Bd4 Rd5 41. a4 f5 42. Bb3 f4 43. Qh2 f3 44. axb5 axb5 45. Ra7 R5d7 46. Rxd7 Rxd7 47. Qb8+ Kh7 48. Ra1 fxg2 49. Ra8 Qe6 50. Qh8+ Kg6 51. Rg8 Be2 52. Rxg7+ Rxg7 53. Qxg7+ Kh5 54. Qxg2 Bf3 55. Qg3 Qf5 56. Bxc4 bxc4 57. Qe5 Qxe5 58. Bxe5 Bd1 59. Kh2 Ba4 60. Kg3 Kg5 61. Bd4 Kf5 62. f4 exf3 63. Kxf3 Bc6+ 64. Kf2 Kg5 1/2-1/2

[Event "KGZ-ch (Women)"]
[Site "Bishkek"]
[Date "2014.05.22"]
[Round "6"]
[White "Esenbaeva, Alina"]
[Black "Samudin, Elina"]
[Result "0-1"]
[WhiteElo "1693"]
[BlackElo "1593"]
[PlyCount "80"]
[EventDate "2014.06.07"]
[EventType "tourn"]
[EventRounds "11"]
[EventCountry "KGZ"]
[SourceTitle "EXT 2018"]
[Source "ChessBase"]
[SourceDate "2017.10.13"]
[SourceVersion "1"]
[SourceVersionDate "2017.10.13"]
[SourceQuality "1"]

1. d4 d5 2. c4 e6 3. Nc3 Nf6 4. cxd5 exd5 5. Nf3 c6 6. h3 Bd6 7. Ne5 Ne4 8. Nxe4 dxe4 9. Bd2 Bxe5 10. dxe5 Qe7 11. Bc3 e3 12. Qd6 exf2+ 13. Kxf2 Be6 14. Qxe7+ Kxe7 15. Bb4+ Kd8 16. b3 Nd7 17. Rd1 Kc8 18. Bd6 Re8 19. e4 a5 20. Rd2 Nb6 21. Be2 a4 22. b4 Nc4 23. Rc2 b5 24. g4 Kb7 25. Kf3 Rad8 26. Rd1 Rd7 27. Kf4 f6 28. Bxc4 fxe5+ 29. Bxe5 Rxd1 30. Bxe6 Rxe6 31. Bxg7 Rf1+ 32. Ke3 Re1+ 33. Re2 Rxe2+ 34. Kxe2 Rxe4+ 35. Kd3 Rxb4 36. Bc3 Rf4 37. Ke3 Rf1 38. h4 Rh1 39. h5 Rh3+ 40. Kd4 Rg3 0-1

[Event "KGZ-ch (Women)"]
[Site "Bishkek"]
[Date "2014.05.21"]
[Round "5"]
[White "Samudin, Elina"]
[Black "Alymbay, Kyzy Aizhan"]
[Result "1/2-1/2"]
[WhiteElo "1593"]
[BlackElo "1836"]
[PlyCount "87"]
[EventDate "2014.06.07"]
[EventType "tourn"]
[EventRounds "11"]
[EventCountry "KGZ"]
[SourceTitle "EXT 2018"]
[Source "ChessBase"]
[SourceDate "2017.10.13"]
[SourceVersion "1"]
[SourceVersionDate "2017.10.13"]
[SourceQuality "1"]

1. d4 d5 2. c4 c6 3. Nc3 Nf6 4. e3 e6 5. Nf3 Nbd7 6. Qc2 b6 7. Bd3 Be7 8. 0-0 0-0 9. b3 Bb7 10. Bb2 Rc8 11. e4 dxe4 12. Nxe4 h6 13. Rad1 Qc7 14. Rfe1 Nxe4 15. Bxe4 Nf6 16. Bd3 Rfd8 17. Ne5 c5 18. dxc5 Bxc5 19. h3 Ba8 20. Qe2 Qb7 21. Nf3 Bb4 22. Rf1 Ne4 23. a3 Nc3 24. Bxc3 Bxc3 25. Rc1 Bf6 26. Bb1 Qa6 27. a4 Qb7 28. Rfd1 Bg5 29. Rxd8+ Rxd8 30. Rd1 Rxd1+ 31. Qxd1 Bf6 32. Qd3 Kf8 33. Qd6+ Ke8 34. Bc2 Be7 35. Qd4 Bf6 36. Qd6 Be7 37. Qd4 Bf6 38. Qd6 Be7 39. Qd4 Kf8 40. Qd3 Bf6 41. Qd6+ Kg8 42. Kf1 g6 43. h4 Qc8 44. Qf4 1/2-1/2

[Event "Wch U16 Girls"]
[Site "Al Ain"]
[Date "2013.??.??"]
[Round "1"]
[White "Machlik, Monika"]
[Black "Samudin, Elina"]
[Result "1-0"]
[WhiteElo "1936"]
[BlackElo "1564"]
[PlyCount "69"]
[EventDate "2013.12.18"]
[EventType "swiss"]
[EventRounds "11"]
[EventCountry "UAE"]
[SourceTitle "CBM 158 Extra"]
[Source "ChessBase"]
[SourceDate "2014.02.28"]
[SourceVersion "1"]
[SourceVersionDate "2014.02.28"]
[SourceQuality "1"]

1. d4 d5 2. c4 e6 3. Nc3 Nf6 4. cxd5 exd5 5. Bg5 c6 6. e3 Be7 7. Qc2 Nbd7 8. Bd3 0-0 9. Nf3 Re8 10. 0-0 Nf8 11. h3 Ng6 12. Rab1 Ne4 13. Bxe7 Qxe7 14. b4 Nh4 15. Nxh4 Qxh4 16. Nxe4 dxe4 17. Bc4 Qg5 18. Kh2 Bd7 19. a4 Rac8 20. Qa2 Be6 21. Rfc1 Rcd8 22. b5 Bxc4 23. Rxc4 Re6 24. bxc6 Rg6 25. g3 bxc6 26. Rb7 Rh6 27. Rc5 Qg6 28. Rxa7 Rc8 29. Rb7 Qf6 30. Qe2 Qe6 31. Rh5 Rxh5 32. Qxh5 Qa2 33. Kg2 g6 34. Qg4 f5 35. Qh4 1-0